Gaming Quiz

Random Gaming or Clip Quiz

Video Game Music with Vocals Quiz Stats

 Plays Quiz Updated Mar 25, 2020

     
Support Sporcle.
Go Orange.
Score 0/32 Timer 15:00
0 Plays Today
Time Game % Correct
0:00-0:11Portal
91.1%
0:44-0:55Donkey Kong 64
54.6%
5:39-5:49Mortal Kombat
54.2%
2:00-2:09Final Fantasy VII
53.8%
0:33-0:44Kingdom Hearts
53.5%
4:52-5:04Super Smash Bros. Brawl
51.5%
2:53-3:04Katamari Damacy
45.6%
1:37-1:50Metal Gear Solid 3: Snake Eater
42%
3:15-3:27PaRappa the Rapper
40%
4:19-4:30Sonic Adventure 2
35.8%
0:11-0:21Sonic CD
35.2%
1:16-1:27Dance Dance Revolution
34.8%
3:27-3:38Civilization IV
25.9%
2:09-2:21Strong Bad's Cool Game for Attractive People
24.7%
3:49-4:00Final Fantasy X
23.7%
1:04-1:16God of War
23.1%
Time Game % Correct
3:04-3:15Mirror's Edge
20.9%
2:32-2:41Halo 2
16.7%
1:50-2:00F-Zero X
12.3%
4:41-4:52You Have to Burn the Rope
11%
4:30-4:41DJ Hero
10.6%
5:04-5:14Mercenaries 2: World in Flames
9.8%
5:27-5:39Silent Hill 3
8.1%
2:41-2:53World of Warcraft: The Burning Crusade
7.7%
5:14-5:27Chrono Cross
7.5%
0:21-0:33Guitar Hero II
6.6%
1:27-1:37Beyond Good and Evil
6.5%
3:38-3:49Cruisin' USA
6.2%
0:55-1:04Xenogears
6%
4:00-4:10Call of Duty 4: Modern Warfare
4.3%
2:21-2:32Capcom vs. SNK 2
4%
4:10-4:19Heavy Rain
2.4%

From the Vault

Country by Female Historical Figures

by khands

History 5m
There are a lot of evil queens who we now realize are entirely fictional.
Remove Ads.
Support Sporcle.
Get the best of Sporcle when you Go Orange. This ad-free experience offers more features, more stats, and more fun while also helping to support Sporcle. Thank you for becoming a member.

Show Comments

Extras

Top Quizzes Today


Score Distribution

Your Account Isn't Verified!

In order to create a playlist on Sporcle, you need to verify the email address you used during registration. Go to your Sporcle Settings to finish the process.

Report this User

Report this user for behavior that violates our Community Guidelines.

Details: